| Virtuální polytechnická knihovna - Souborný katalog - Úplný záznam dokumentu - MARC | Uživatel: --- |
-----nas 22-----zu 4500 001 SKVPK0031873 003 CZ-VPK 005 20260422140722.0 008 260422|||||||||||||| | ||| || ||||||| 022 $a0029-8662 040 $aABA013$bcze 222 0$aOel- + Gasfeuerung : Fachzeitschrift für Heizung und Lufttechnik 245 00$aOel- + Gasfeuerung : Fachzeitschrift für Heizung und Lufttechnik 650 07$achemie$xch$2psh 650 07$astavebnictví$xst$2psh 780 00$tÖlfeuerung$x0369-7193 780 00$tOel + Gas und Feuerungstechnik$x0029-8670 780 00$tPříloha: Lufttechnik$x0368-816X 785 00$tÖl + Gasfeuerung 785 00$tWärmetechnik$x0720-3438 910 $aABA013$r1963-1980
| OAI-PMH |
| středa 13.05.2026 21:47:20 | © 2001-2015 Národní technická knihovna |